000 nam a22 7a 4500
999 _c8733
_d8733
005 20200214035743.0
008 200214b xxu||||| |||| 00| 0 eng d
020 _a9713003268
_bpaperback
040 _beng
_cAPEC Schools Library
_erda
082 _aRef 499.211
_bN532
245 _aNew Tagalog-English, English-Tagalog dictionary
264 _aPhilippines :
300 _a190 pages ;
336 _2rdacontent
_atext
337 _2rdamedia
_aunmediated
338 _2rdacarrier
_avolume
650 _aTagalog language.
650 _aEnglish language.
942 _2ddc
_cREF